|
|
|
|
| LEADER |
00673nam a2200205Ia 4500 |
| 001 |
CTU_90479 |
| 008 |
210402s9999 xx 000 0 und d |
| 082 |
|
|
|a 382.9595
|
| 082 |
|
|
|b A696
|
| 100 |
|
|
|a Mohamed Ariff
|
| 245 |
|
0 |
|a Malaysia and ASEAN economic cooperation
|
| 245 |
|
0 |
|c Mohamed Ariff
|
| 260 |
|
|
|a Singapore
|
| 260 |
|
|
|b Institute of Southeast Asian Studies, ASEAN Economic Research Unit
|
| 260 |
|
|
|c 1980
|
| 650 |
|
|
|a asia, southeastern,malaysia,asia, southeastern,industries
|
| 650 |
|
|
|x economic integration,economic conditions,commerce
|
| 650 |
|
|
|z asia, southeastern
|
| 904 |
|
|
|i Năm
|
| 980 |
|
|
|a Trung tâm Học liệu Trường Đại học Cần Thơ
|